| 000 | 00866nam a2200289 i 4500 | ||
|---|---|---|---|
| 003 | EG-GICUC | ||
| 005 | 20260415101452.0 | ||
| 008 | 260415s1959 fr ||||fr|||| 00| 0 fre d | ||
| 040 |
_aEG-GiCUC _bfre _cEG-GiCUC _dEG-GiCUC _eRda |
||
| 041 |
_afre _hfre |
||
| 082 | 0 | 4 |
_221 _a343 _bED . L |
| 092 | 0 | 4 | _221 |
| 099 | _alaw1 10 343 ED . L 1959 | ||
| 100 | 1 |
_aLocard, Edmond _eAuteur |
|
| 245 |
_aLes Faux En Ecriture Et Leur Expertise _cEdmond Locard |
||
| 264 |
_aParis : _bPayot , _c1959 |
||
| 300 |
_a391 page : _billustration ; _c 24 cm. |
||
| 336 |
_2rda contenu _a texte |
||
| 337 |
_2rda medias _aOrdinateur |
||
| 338 |
_2 transporteur rda _a Ressource en ligne |
||
| 546 | _aTexte en français | ||
| 650 | 1 |
_aEcriture _2qrmak |
|
| 651 | 1 | _2qrmak | |
| 856 | 4 | 0 | _uhttps://fll.law.cu.edu.eg/B10-09084/bks/test.pdf |
| 905 | _a163 | ||
| 942 |
_2ddc _cBK _e21 _n0 |
||
| 999 |
_c71013 _d71013 |
||